Sports Quiz

Random Sports or WWE Quiz

WCPW Pro Wrestling World Cup Competitors Quiz Stats

Quiz not verified by Sporcle

Challenge
Share
Tweet
Embed
Score 0/65 Timer 12:00
0 Plays Today
Country Name % Correct
EnglandWill Ospreay
89%
EnglandZack Sabre Jr.
78%
ScotlandDrew Galloway
78%
MexicoRey Mysterio
78%
ScotlandJoe Coffey
76%
JapanJushin Thunder Liger
73%
USARicochet
73%
ScotlandMark Coffey
72%
CanadaMichael Elgin
72%
Rest of the WorldTravis Banks
72%
EnglandMarty Scurll
71%
ScotlandJoe Hendry
71%
JapanKUSHIDA
71%
EnglandMartin Kirby
70%
CanadaMike Bailey
70%
MexicoEl Ligero
69%
MexicoPenta El Zero M
69%
GermanyBad Bones
69%
JapanHiromu Takahashi
69%
CanadaBrent Banks
68%
EnglandRampage
67%
USABobby Fish
66%
USAJames Storm
66%
USAJay Lethal
66%
USAKeith Lee
66%
EnglandJoseph Conners *
64.3%
ScotlandKenny Williams
63%
MexicoAlberto El Patron
63%
MexicoFenix
63%
EnglandJimmy Havoc
62%
GermanyLucky Kid
61%
USAMoose
61%
USAMatt Sydal
59%
Country Name % Correct
Rest of the WorldAngelico
59%
CanadaKyle O'Reilly
58%
ScotlandBT Gunn
56%
CanadaHarry Smith
56%
JapanBUSHI
53%
GermanyDa Mack
52%
USADavid Starr
51%
MexicoDrago
49%
MexicoJuventud Guerrera
49%
JapanTiger Mask
49%
EnglandZack Gibson
48%
JapanRyusuke Taguchi
48%
EnglandNick Aldis
46%
MexicoEl Hijo de Dos Caras
45%
JapanSho Tanaka
44%
Rest of the WorldFlash Morgan Webster
42%
CanadaTyson Dux
41%
Rest of the WorldIcarus
40%
CanadaRene Dupree
38%
Rest of the WorldJurn Simmons
37%
CanadaFranky The Mobster
34%
JapanYohei Komatsu
34%
Rest of the WorldRJ Singh
34%
GermanyCash Money Erkan
30%
Rest of the WorldMark Davis
29%
ScotlandLewis Girvan
28%
Rest of the WorldTom La Ruffa
27%
ScotlandLiam Thomson
23%
GermanyJuvenile X
21%
GermanyCem Kaplan
16%
GermanyPascal Spalter
16%
GermanyRambo Braun
16%

You're not logged in!

Compare scores with friends on all Sporcle quizzes.
Join for Free
OR
Log In

You Might Also Like...

Show Comments

Extras

Created Jul 30, 2017ReportNominate
Tags:WWE Quiz, Pro Wrestling

Top Quizzes Today


Score Distribution

Your Account Isn't Verified!

In order to create a playlist on Sporcle, you need to verify the email address you used during registration. Go to your Sporcle Settings to finish the process.

Report this User

Report this user for behavior that violates our Community Guidelines.

Details: